Welcome to CU Library Online Public Access Catalogue (OPAC)

Harrison's principles of internal medicine / (Record no. 3238)

MARC details
000 -LEADER
fixed length control field 01349cam a22003254a 4500
001 - CONTROL NUMBER
control field 14783355
005 - DATE AND TIME OF LATEST TRANSACTION
control field 20250129195920.0
008 - FIXED-LENGTH DATA ELEMENTS--GENERAL INFORMATION
fixed length control field 070322s2008 nyua b 001 0 eng
020 ## - INTERNATIONAL STANDARD BOOK NUMBER
International Standard Book Number 9780071599917 (single ed.)
020 ## - INTERNATIONAL STANDARD BOOK NUMBER
International Standard Book Number 0071599916 (single ed.)
020 ## - INTERNATIONAL STANDARD BOOK NUMBER
International Standard Book Number 9780071476928 (v. 1)
020 ## - INTERNATIONAL STANDARD BOOK NUMBER
International Standard Book Number 007147692X (v. 1)
020 ## - INTERNATIONAL STANDARD BOOK NUMBER
International Standard Book Number 9780071466332 (hardcover : v. 2 : alk. paper)
020 ## - INTERNATIONAL STANDARD BOOK NUMBER
International Standard Book Number 0071466339 (hardcover : v. 2 : alk. paper)
020 ## - INTERNATIONAL STANDARD BOOK NUMBER
International Standard Book Number 9780071476911 (hardcover : set : v. 2 : alk. paper)
020 ## - INTERNATIONAL STANDARD BOOK NUMBER
International Standard Book Number 0071476911 (hardcover : set : v. 2 : alk. paper)
050 00 - LIBRARY OF CONGRESS CALL NUMBER
Classification number RC46
Item number .H333 2008
082 00 - DEWEY DECIMAL CLASSIFICATION NUMBER
Classification number 616
Edition information 22
245 00 - TITLE STATEMENT
Title Harrison's principles of internal medicine /
Remainder of title editors, Anthony S. Fauci ... [et al.].
250 ## - EDITION STATEMENT
Edition statement 17th ed.
260 ## - PUBLICATION, DISTRIBUTION, ETC.
Place of publication, distribution, etc. New York :
Name of publisher, distributor, etc. McGraw-Hill Medical,
Date of publication, distribution, etc. c2008.
300 ## - PHYSICAL DESCRIPTION
Extent v. <1-2 > :
Other physical details ill. (some col.) ;
Dimensions 29 cm. +
Accompanying material 1 DVD (4 3/4 in.)
650 #0 - SUBJECT ADDED ENTRY--TOPICAL TERM
Topical term or geographic name entry element Internal medicine.
650 12 - SUBJECT ADDED ENTRY--TOPICAL TERM
Topical term or geographic name entry element Internal Medicine.
700 1# - ADDED ENTRY--PERSONAL NAME
Personal name Fauci, Anthony S.,
Dates associated with a name 1940-
856 41 - ELECTRONIC LOCATION AND ACCESS
Materials specified Table of contents only
Uniform Resource Identifier <a href="http://www.loc.gov/catdir/toc/ecip0714/2007012181.html">http://www.loc.gov/catdir/toc/ecip0714/2007012181.html</a>
856 42 - ELECTRONIC LOCATION AND ACCESS
Materials specified Contributor biographical information
Uniform Resource Identifier <a href="http://www.loc.gov/catdir/enhancements/fy0745/2007012181-b.html">http://www.loc.gov/catdir/enhancements/fy0745/2007012181-b.html</a>
856 42 - ELECTRONIC LOCATION AND ACCESS
Materials specified Publisher description
Uniform Resource Identifier <a href="http://www.loc.gov/catdir/enhancements/fy0745/2007012181-d.html">http://www.loc.gov/catdir/enhancements/fy0745/2007012181-d.html</a>
942 ## - ADDED ENTRY ELEMENTS (KOHA)
Source of classification or shelving scheme Library of Congress Classification
Koha item type Books
Edition 17th ed.
Suppress in OPAC No
999 ## -
-- 3238
-- 3238
Holdings
Withdrawn status Lost status Source of classification or shelving scheme Damaged status Not for loan Collection Home library Current library Shelving location Date acquired Total checkouts Full call number Barcode Date last seen Copy number Price effective from Koha item type
    Library of Congress Classification     Non-fiction Science Library (Miotso) Science Library (Miotso) General stacks 01/29/2025   RC46 .H333 HAR SLM00002613 01/29/2025 1 01/29/2025 Books
    Library of Congress Classification     Non-fiction Science Library (Miotso) Science Library (Miotso) General stacks 01/29/2025   RC46 .H333 HAR SLM00002614 01/29/2025 2 01/29/2025 Books
    Library of Congress Classification     Non-fiction Science Library (Miotso) Science Library (Miotso) General stacks 01/29/2025   RC46 .H333 HAR SLM00002615 01/29/2025 3 01/29/2025 Books
    Library of Congress Classification     Non-fiction Science Library (Miotso) Science Library (Miotso) General stacks 01/29/2025   RC46 .H333 HAR SLM00002616 01/29/2025 4 01/29/2025 Books
    Library of Congress Classification     Non-fiction Science Library (Miotso) Science Library (Miotso) General stacks 01/29/2025   RC46 .H333 HAR SLM00002617 01/29/2025 5 01/29/2025 Books
    Library of Congress Classification     Non-fiction Science Library (Miotso) Science Library (Miotso) General stacks 01/31/2025   RC46 .H333 HAR SLM00002698 01/31/2025 6 01/31/2025 Books
    Library of Congress Classification     Non-fiction Science Library (Miotso) Science Library (Miotso) General stacks 01/31/2025   RC46 .H333 HAR SLM00002699 01/31/2025 7 01/31/2025 Books
© 2023-2024 Copyright: Central University Libraries. All Rights Reserved | Created by: Mahone Tech Office